Theory of machines (Record no. 5797)

000 -LEADER
fixed length control field 00476nam a2200193 4500
001 - CONTROL NUMBER
control field 5797
003 - CONTROL NUMBER IDENTIFIER
control field BD-DhUET
008 - FIXED-LENGTH DATA ELEMENTS--GENERAL INFORMATION
fixed length control field 141129b xxu||||| |||| 00| 0 eng d
040 ## - CATALOGING SOURCE
Transcribing agency 0
Modifying agency BD-DhUET
082 ## - DEWEY DECIMAL CLASSIFICATION NUMBER
Classification number 621.811
Item number KHU/1984
100 ## - MAIN ENTRY--PERSONAL NAME
Personal name Khurmi, R. S.
245 ## - TITLE STATEMENT
Title Theory of machines
250 ## - EDITION STATEMENT
Edition statement 1st ed.
260 ## - PUBLICATION, DISTRIBUTION, ETC. (IMPRINT)
Place of publication, distribution, etc. New Delhi
Name of publisher, distributor, etc. Eurasia Publishing house
Date of publication, distribution, etc. 1984
300 ## - PHYSICAL DESCRIPTION
Extent viii,1107p.
Other physical details ill.
650 #0 - SUBJECT ADDED ENTRY--TOPICAL TERM
Topical term or geographic name as entry element Machinery, Kinematics
700 ## - ADDED ENTRY--PERSONAL NAME
Personal name Gupta, V. K.
942 ## - ADDED ENTRY ELEMENTS (KOHA)
Koha item type General Book
Holdings
Koha date last borrowed Koha item type Koha full call number Piece designation (barcode) Koha date last seen Damaged status Date acquired Withdrawn status Koha issues (times borrowed) Shelving location Lost status Price effective from Copy number Koha normalized classification for sorting Not for loan Sublocation or collection (holding branch) Location (home branch) Source of classification or shelving scheme
2024-09-17General Book621.11/KHU/1984583222025-04-13 2014-11-29 4Circulation section 2014-11-291621_110000000000000_KHU_1984 Central Library, BUETCentral Library, BUET 
2023-07-15General Book621.11/KHU/1984583252023-11-28 2014-11-29 4Circulation section 2014-11-292621_110000000000000_KHU_1984 Central Library, BUETCentral Library, BUET 
2023-09-16General Book621.811/KHU/1984583262023-11-29 2014-12-06 8Circulation section 2014-12-063621_811000000000000_KHU_1984 Central Library, BUETCentral Library, BUET 
 Reading Item621.811/KHU/1984583212015-06-20 2015-06-20  Reading section 2015-06-204621_811000000000000_KHU_1984 Central Library, BUETCentral Library, BUET 
 Reading Item621.811/KHU/1984583202015-06-28 2015-06-28  Reading section 2015-06-285621_811000000000000_KHU_1984 Central Library, BUETCentral Library, BUET 
 Reading Item621.811/KHU/1984583182015-06-28 2015-06-28  Reading section 2015-06-286621_811000000000000_KHU_1984 Central Library, BUETCentral Library, BUET 
 Reading Item621.811/KHU/1984583172015-06-30 2015-06-30  Reading section 2015-06-307621_811000000000000_KHU_1984 Central Library, BUETCentral Library, BUET